| 000 | 00376nam a22001337a 4500 | ||
|---|---|---|---|
| 082 |
_a692.5 _bNAM _cL-21, P-48 |
||
| 100 |
_aNamavati, Roshan _946219 |
||
| 245 |
_aProfessional practice _cRoshan, Namavati |
||
| 260 |
_aKarachi, Pakistan _bUnion Book Stall _c1971 |
||
| 300 | _axiv, 488 p. | ||
| 526 |
_a0 _b0 _c0 _d692_500000000000000_NAM |
||
| 650 |
_aMCE _9379 |
||
| 942 |
_2ddc _cBK |
||
| 999 |
_c549571 _d549571 |
||